Score 0/20 Timer 02:30
0 Plays Today
Syfy TV Show Missing Word % Correct
The Twilight ___Zone
93.7%
Doctor ___Who
89.7%
___ HelsingVan
88.4%
Battlestar ___Galactica
87.9%
The Invisible ___Man
75%
___ SG-1Stargate
71.5%
Flash ___Gordon
68.2%
Mystery ___ Theater 3000Science
67.3%
Face ___Off
58.6%
12 ___Monkeys
54.9%
Syfy TV Show Missing Word % Correct
The Dresden ___Files
49.6%
___ SmackDownWWE
46.1%
Warehouse ___13
41.5%
___ HuntersGhost
41.1%
Wynonna ___Earp
32.7%
Being ___Human
28.9%
Z ___Nation
26.6%
Dark ___Matter
14.2%
Channel ___Zero
13.1%
___ WaveFirst
12.5%

Today's Daily Dose

Remove Ads.
Support Sporcle.
Get the best of Sporcle when you Go Orange. This ad-free experience offers more features, more stats, and more fun while also helping to support Sporcle. Thank you for becoming a member.

You're not logged in!

Compare scores with friends on all Sporcle quizzes.
OR
Log In

Show Comments

Extras

Top Quizzes Today


Score Distribution

Your Account Isn't Verified!

In order to create a playlist on Sporcle, you need to verify the email address you used during registration. Go to your Sporcle Settings to finish the process.

Report this User

Report this user for behavior that violates our Community Guidelines.

Details: